| 000 | 00633nam a2200229Ia 4500 | ||
|---|---|---|---|
| 003 | OSt | ||
| 005 | 20220925211318.0 | ||
| 006 | a|||||r|||| 00| 0 | ||
| 007 | ta | ||
| 008 | 220923b |||||||| |||| 00| 0 eng d | ||
| 037 | _cGeneral Book | ||
| 040 |
_aRTL _cRTL _beng |
||
| 041 |
_2eng _aeng |
||
| 082 | _aQ8441, L3 | ||
| 100 | _aGill Pritam Singh | ||
| 245 | 0 |
_aTrintiy of Sikhism _b Philosophy religion state |
|
| 260 |
_aJullundur _bNew Academic Publishing _c1973 |
||
| 300 |
_axv,304p. _ccm. |
||
| 650 | _aSirhism | ||
| 942 |
_hQ8441, L3 _cGB _2CC |
||
| 999 |
_c557296 _d557296 |
||